Logo BPK

Biblioteka

Politechniki Koszalińskiej

Urządzenia telekomutacyjne : (Rekord nr 52793)

Szczegóły MARC
000 -ETYKIETA REKORDU
podpole kontrolne o stałej długości 00830nam a2200253 i 4500
001 - NUMER KONTROLNY REKORDU
pole kontrolne bg
020 ## - MIĘDZYNARODOWY ZNORMALIZOWANY NUMER KSIĄŻKI - ISBN
ISBN 8302054593 (cz. 1)
020 ## - MIĘDZYNARODOWY ZNORMALIZOWANY NUMER KSIĄŻKI - ISBN
ISBN 8302054585 (całość)
040 ## - ŹRÓDŁO KATALOGOWANIA
Instytucja, która utworzyła rekord BPK
041 0# - KOD JĘZYKA
Kod języka tekstu pol
080 ## - UNIWERSALNA KLASYFIKACJA DZIESIĘTNA - UKD
UKD 621.395(073)
920 ## - Międzynarodowy znormalizowany numer książki – ISBN
ISBN 83-02-05459-3 (cz. 1)
920 ## - Międzynarodowy znormalizowany numer książki – ISBN
ISBN 83-02-05458-5 (całość)
008 - POLE O STAŁEJ DŁUGOŚCI - DANE KONTROLNE
podpole kontrolne o stałej długości s pl f |000 0 pol
100 1# - NAZWA OSOBOWA
Nazwa osobowa TARAS, Eugeniusz.
245 10 - TYTUŁ/ODPOWIEDZIALNOŚĆ
Tytuł Urządzenia telekomutacyjne :
Ciąg dalszy tytułu podręcznik dla technikum.
Oznaczenie części/sekcji dzieła Cz. 1, /
Pozostałe elementy strefy tytułu i oznaczenia odpowiedzialności Eugeniusz Taras
260 ## - STREFA ADRESU WYDAWNICZEGO
Miejsce wydania Warszawa :
Nazwa wydawcy/dystrybutora Wydawnictwa Szkolne i Pedagogiczne,
Data publikacji, dystrybucji/powstania dokumentu 1994.
300 ## - STREFA OPISU FIZYCZNEGO
Objętość 179, [1] s., [2] k. tabl. luz. :
Inne cechy fizyczne il. ;
Rozmiary 24 cm.
521 ## - UWAGA DOTYCZĄCA PRZEZNACZENIA CZYTELNICZEGO
Przeznaczenie czytelnicze Podręcznik dla uczniów technikum, zawód: technik telekomunikacji.
650 #9 - HASŁO PRZEDMIOTOWE W FORMIE NAZWY OGÓLNEJ LUB JEDNOSTKOWEJ
Nazwa ogólna lub geograficzna Telekomunikacja
650 #9 - HASŁO PRZEDMIOTOWE W FORMIE NAZWY OGÓLNEJ LUB JEDNOSTKOWEJ
Nazwa ogólna lub geograficzna Telefonia
655 ## - TERMIN INDEKSOWY - OKREŚLENIE RODZAJU/FORMY DOKUMENTU
Określenie rodzaju/formy dokumentu Podręczniki dla szkół zawodowych
856 ## - LOKALIZACJA I DOSTĘP DO ELEKTRONICZNYCH DOKUMENTÓW ZDALNYCH
Link (URL) http://koha.tu.koszalin.pl/cgi-bin/koha/opac-detail.pl?biblionumber=52793
Tekst linku Katalog online BPK
942 ## - DODATKOWE ELEMENTY (KOHA)
Typ dokumentu Książka
Egzemplarze
Wycofany Status egzemplarza Uszkodzony Dostępność Lokalizacja stała Lokalizacja bieżąca Miejsce przechowywania Sygnatura Kod kreskowy Dział Typ dokumentu
      Tylko na miejscu Biblioteka Politechniki Koszalińskiej Biblioteka Politechniki Koszalińskiej Czytelnia BG 81687 02342887 621.39 Technika telekomunikacji Książka
      Dostępny Biblioteka Politechniki Koszalińskiej Biblioteka Politechniki Koszalińskiej Wypożyczalnia BG 81688 02342870   Książka
© 2023 Biblioteka Politechniki Koszalińskiej :: KOHA